- Guerra Mundial, 1939-1945
Entry Materia
001 - NÚMERO DE CONTROL DEL REGISTRO
- campo de control: 53741
003 - IDENTIFICADOR DE NUMERO DE CONTROL
- campo de control: DLC
005 - FECHA Y HORA DE LA ÚLTIMA TRANSACCIÓN
- campo de control: 20240925160340.0
008 - DATOS DE LONGITUD FIJA
- campo de control de longitud fija: 240925|| aca||babn | a|a d
010 ## - NÚMERO DE CONTROL DE LA BIBLIOTECA DEL CONGRESO (LC)
- LC control number: sh 85148285
035 ## - NÚMERO DE CONTROL DEL SISTEMA
- Número de control del sistema: (DLC)sh 85148285
035 ## - NÚMERO DE CONTROL DEL SISTEMA
- Número de control del sistema: (DLC)5605534
035 ## - NÚMERO DE CONTROL DEL SISTEMA
- Número de control del sistema: (DLC)sp 85148285
035 ## - NÚMERO DE CONTROL DEL SISTEMA
- Número de control del sistema: (DLC)281491
040 ## - FUENTE DE LA CATALOGACIÓN
- Centro catalogador de origen: DLC
- Lengua de catalogación: spa
- Agencia de transcripción: DLC
- Agencia de modificación: DLC
- Agencia de modificación: DHMM
- Agencia de modificación: MX-MxUPN
053 ## - NÚMERO CLASIFICADOR - BIBLIOTECA DEL CONGRESO (LC)
- Elemento numérico de la clasificación - Número único o no. inicial del rango: D803
- Elemento numérico de la clasificación - Número único o no. final del rango: D804
150 ## - ENCABEZAMIENTO - TEMÁTICO
- Término de materia o nombre geográfico como elemento inicial: Guerra Mundial, 1939-1945
- Subdivisión de materia general: Atrocidades
670 ## - FUENTE EN LA QUE SE LOCALIZARON DATOS
- Cita de la fuente: Autoridades LIBRUNAM, 25 septiembre 2024 :
- Información localizada: (Guerra Mundial, 1939-1945 -- Atrocidades)
681 ## - NOTA DE ENVÍO A EJEMPLOS DE ENCABEZAMIENTO TEMÁTICO
- Texto explicativo: Ejemplo bajo
- Encabezamiento: Atrocidades; Atrocidades políticas; Crímenes de guerra;
- Texto explicativo: y bajo referencia para
- Encabezamiento: Atrocidades militares
902 ## - CATALOGADOR
- Catalogador: MaríaRobles/250924
